000 00642nam a2200265Ia 4500
008 160321s9999||||xx |||||||||||||| ||und||
040 _cEnglish
082 _aXI.A/Majumdar
082 _bBORI-30936
100 _aR. C. Majumdar
245 _athe Maratha Supremacy
300 _aXX+859
300 _cB
300 _eHardbound
530 _bV. V. natu
530 _u00071244.pdf
563 _aStudy
600 _aR. C. Majumdar
630 _athe Maratha Supremacy
650 _a History & Historiography
650 _aGeneral Indology
700 _aR. C. Majumdar
730 _athe Maratha Supremacy
942 _cBOOK
999 _c1360647
_d1360644